Biostatistics /
Guardado en:
| Autor Principal: | |
|---|---|
| Formato: | Libro |
| Idioma: | English |
| Publicado: |
London :
Chapman & Hall,
1993.
|
| Edición: | 1st ed. |
| Materias: | |
| Etiquetas: |
Agregar Etiqueta
Sin Etiquetas, Sea el primero en etiquetar este registro!
|
| LEADER | 00915pam a2200229 a 4500 | ||
|---|---|---|---|
| 001 | MAT.inmabb003595 | ||
| 008 | 930224s1993####enka#####b####001#0#eng## | ||
| 005 | 20130409125110.0 | ||
| 245 | 1 | 0 | |a Biostatistics / |c Brian Williams. |
| 250 | |a 1st ed. | ||
| 260 | |a London : |b Chapman & Hall, |c 1993. | ||
| 300 | |a x, 201 p. : |b il. ; |c 24 cm. | ||
| 504 | |a Incluye referencias bibliográficas (p. [187]-191) e índice. | ||
| 505 | 0 | |a 1. Why mathematics? -- 2. Probability -- 3. Representations -- 4. Measures -- 5. Distribution -- 6. Testing hypothesis -- 7. Comparisons -- 8. Analysis of variance -- 9. Regression -- 10. Tables. | |
| 020 | |a 0412462206 | ||
| 100 | 1 | |a Williams, Brian, |d 1945- | |
| 246 | 0 | |i Subtítulo en cubierta: |a Concepts and applications for biologists | |
| 650 | 0 | |a Biometry. | |
| 084 | |a 62P10 (92B15) |2 msc2000 | ||
| 010 | |a 93003336 | ||
| 040 | |a DLC |c DLC |d DLC | ||
| 859 | |h 62 |i W721 |p A-7445 |b BIB. MATEMATICA | ||
